Ningning In Every MV - Statistics

General Stats
  • This quiz has been taken 25 times
  • The average score is 16 of 22
Answer Stats
Picture Answer % Correct
Next Level
95%
Beautiful Christmas
91%
Black Mamba
91%
Spicy
91%
Supernova
91%
Armageddon
86%
Drama
86%
Savage
86%
Welcome To MY World
86%
Whiplash
86%
Forever
82%
Girls
82%
Hot Mess
77%
I'm Unhappy
73%
Better Things
68%
Dreams Come True
68%
Live My Life
59%
Salty & Sweet
59%
Long Chat
55%
Thirsty
55%
Licorice
50%
Life's Too Short
27%
No matching quizzes found
Score Distribution
Percent of People with Each Score
Percentile by Number Answered
Your Score History
You have not taken this quiz